Probability in physics (Record no. 1211495)

MARC details
000 -LEADER
fixed length control field 00982nam a2200289Ia 4500
003 - CONTROL NUMBER IDENTIFIER
control field OSt
005 - DATE AND TIME OF LATEST TRANSACTION
control field 20221007123201.0
008 - FIXED-LENGTH DATA ELEMENTS--GENERAL INFORMATION
fixed length control field 221006b |||||||| |||| 00| 0 eng d
020 ## - INTERNATIONAL STANDARD BOOK NUMBER
International Standard Book Number 9783662600597 (pbk)
037 ## - SOURCE OF ACQUISITION
Terms of availability Textbook
040 ## - CATALOGING SOURCE
Original cataloging agency PAPL
Transcribing agency PAPL
Language of cataloging eng
041 ## - LANGUAGE CODE
Source of code eng
Language code of text/sound track or separate title eng
100 ## - MAIN ENTRY--PERSONAL NAME
Personal name Ben-Menahem Yemima Ed.
9 (RLIN) 716770
245 #0 - TITLE STATEMENT
Title Probability in physics
Remainder of title Hemmo Meir Ed.
250 ## - EDITION STATEMENT
Edition statement First South Asian
260 ## - PUBLICATION, DISTRIBUTION, ETC.
Place of publication, distribution, etc. Berlin
Name of publisher, distributor, etc. Springer
Date of publication, distribution, etc. 2020
300 ## - PHYSICAL DESCRIPTION
Extent xii,321p. ill.
Dimensions cm.
490 ## - SERIES STATEMENT
Series statement The Frontiers Collection ISSN 1612-3018
500 ## - GENERAL NOTE
General note Index 313-317p.; Title in this series 319-321p.
700 ## - ADDED ENTRY--PERSONAL NAME
Personal name Hemmo Meir Ed.
9 (RLIN) 716771
942 ## - ADDED ENTRY ELEMENTS (KOHA)
Classification part C0aB281, Q2 Carpa
Koha item type Textbook
Source of classification or shelving scheme Colon Classification (CC)
Holdings
Withdrawn status Lost status Source of classification or shelving scheme Damaged status Not for loan Home library Current library Date acquired Source of acquisition Total Checkouts Full call number Barcode Date last seen Price effective from Koha item type Public note
    Colon Classification (CC)     Department of Physics and Astrophysics Library Department of Physics and Astrophysics Library 2022-10-07 3053, 21/12/2021, New India Book Agency   C0aB281 Q2 Carpa PA0007604 2022-10-07 2022-10-07 Textbook First south asia edition 2020
Copyright @ Delhi University Library System